ბათუმის შოთა რუსთაველის სახელმწიფო უნივერსიტეტის ბიბლიოთეკა

ჩანაწერი Corporate Name

ჩანაწერთა რაოდენობა, რომელიც გამოყენებულია: 2

001 - CONTROL NUMBER

  • control field: 3565

003 - CONTROL NUMBER IDENTIFIER

  • control field: GE_BSU

005 - DATE AND TIME OF LATEST TRANSACTION

  • control field: 20190813173047.0

008 - FIXED-LENGTH DATA ELEMENTS

  • fixed length control field: 190813|| aca||aabn | a|a d

040 ## - CATALOGING SOURCE

  • Original cataloging agency: GE_BSU
  • Transcribing agency: GE_BSU

110 ## - HEADING--CORPORATE NAME

  • Corporate name or jurisdiction name as entry element: საქ მეცნ. აკად. ფილოსოფიის ინ–ტი.

670 ## - SOURCE DATA FOUND

  • Source citation: Work cat.: (GE_BSU)37873: ბანძელაძე, გ. 3556, მეცნიერულ–ტექნიკური რევოლუცია და ზნეობრივი პროგრესის პრობლემა /